[Event "SLO-chT1 West"]
[Site "Slovenia"]
[Date "2016.11.11"]
[Round "1"]
[White "Skoberne, Renato"]
[Black "Tratar, Marko"]
[Result "0-1"]
[WhiteElo "2125"]
[BlackElo "2449"]
[PlyCount "62"]
[EventDate "2016.11.11"]
[EventType "team-tourn"]
[EventRounds "9"]
[EventCountry "SLO"]
[SourceTitle "EXT 2018"]
[Source "ChessBase"]
[SourceDate "2017.10.13"]
[SourceVersion "1"]
[SourceVersionDate "2017.10.13"]
[SourceQuality "1"]
[WhiteTeam "Posocje"]
[BlackTeam "Ljubljana Duol"]
[WhiteTeamCountry "SLO"]
[BlackTeamCountry "SLO"]

1. d4 Nf6 2. Nf3 e6 3. Bf4 b6 4. e3 Bb7 5. Bd3 Be7 6. 0-0 Nh5 7. Be5 d6 8. Bg3 Nd7 9. e4 a6 10. Nbd2 c5 11. c3 Nxg3 12. hxg3 0-0 13. Qe2 cxd4 14. Nxd4 Re8 15. Rad1 b5 16. f4 Bf6 17. N4f3 e5 18. f5 Qb6+ 19. Kh2 Rac8 20. g4 h6 21. Nb3 Bg5 22. Nxg5 hxg5 23. Qd2 Nf6 24. Qxg5 Bxe4 25. Bxe4 Nxe4 26. Qc1 Nf2 27. Qg5 f6 28. Qg6 Nxd1 29. Rxd1 Qe3 30. Rxd6 Qf4+ 31. Kh3 Red8 0-1

[Event "SLO-chT2 West"]
[Site "Slovenia"]
[Date "2015.11.07"]
[Round "5"]
[White "Skoberne, Renato"]
[Black "Cibej, Marjan"]
[Result "1-0"]
[WhiteElo "2123"]
[BlackElo "1919"]
[PlyCount "71"]
[EventDate "2015.10.17"]
[EventType "team-tourn"]
[EventRounds "7"]
[EventCountry "SLO"]
[SourceTitle "EXT 2019"]
[Source "ChessBase"]
[SourceDate "2018.10.10"]
[SourceVersion "1"]
[SourceVersionDate "2018.10.10"]
[SourceQuality "1"]
[WhiteTeam "Posocje"]
[BlackTeam "Ilirska Bistrica Rimex"]
[WhiteTeamCountry "SLO"]
[BlackTeamCountry "SLO"]

1. g3 g6 2. Bg2 Bg7 3. d4 Nf6 4. c4 0-0 5. Nc3 d6 6. Nf3 c5 7. 0-0 Nc6 8. h3 Nd7 9. e3 Rb8 10. b3 a6 11. Bb2 b5 12. d5 Na5 13. cxb5 axb5 14. Qd2 b4 15. Ne4 Bxb2 16. Qxb2 Bb7 17. Rfd1 Nb6 18. Nh4 Qc8 19. Ng5 c4 20. Qd4 Qc5 21. Qf4 Nxd5 22. Bxd5 Bxd5 23. Nxh7 cxb3 24. Qh6 Be4 25. Ng5 Qxg5 26. Qxg5 d5 27. axb3 Nxb3 28. Ra7 e6 29. f3 Bc2 30. Re1 Nc5 31. e4 Rb7 32. Rxb7 Nxb7 33. Qe7 b3 34. Qxb7 d4 35. Kf2 Re8 36. Ke2 1-0

[Event "SLO-chT2 West"]
[Site "Kranj"]
[Date "2008.10.11"]
[Round "2.2"]
[White "Peteh, Uros"]
[Black "Skoberne, Renato"]
[Result "1/2-1/2"]
[WhiteElo "2013"]
[BlackElo "2141"]
[PlyCount "64"]
[EventDate "2008.10.11"]
[EventType "team-swiss"]
[EventRounds "9"]
[EventCountry "SLO"]
[SourceTitle "EXT 2010"]
[Source "ChessBase"]
[SourceDate "2010.11.25"]
[SourceVersion "1"]
[SourceVersionDate "2010.11.25"]
[SourceQuality "1"]
[WhiteTeam "Komenda Popotnik"]
[BlackTeam "Hidria Tolmin"]
[WhiteTeamCountry "SLO"]
[BlackTeamCountry "SLO"]

1. d4 d6 2. e4 Nf6 3. Nc3 g6 4. Nf3 Bg7 5. Be2 0-0 6. 0-0 c6 7. a4 a5 8. h3 Na6 9. Be3 Qc7 10. Qd2 Nb4 11. Rac1 e5 12. Bh6 Nh5 13. Bc4 Kh8 14. dxe5 dxe5 15. Bxg7+ Kxg7 16. Ne2 Nf6 17. Ng3 h6 18. c3 Na6 19. b4 axb4 20. cxb4 Qe7 21. Qc3 Re8 22. Rb1 Nc7 23. Bb3 Be6 24. Bc2 Bd7 25. Nd2 b5 26. a5 Na6 27. Bd3 Rac8 28. Rfc1 c5 29. bxc5 Rxc5 30. Qb2 Rec8 31. Rxc5 Qxc5 32. Nf3 Re8 1/2-1/2

[Event "Nova Gorica op-B 13th"]
[Site "Nova Gorica"]
[Date "2008.01.31"]
[Round "9"]
[White "Capaliku, Aleks"]
[Black "Skoberne, Renato"]
[Result "1/2-1/2"]
[WhiteElo "2093"]
[BlackElo "2118"]
[PlyCount "65"]
[EventDate "2008.01.26"]
[EventType "swiss"]
[EventRounds "9"]
[EventCountry "SLO"]
[SourceTitle "EXT 2010"]
[Source "ChessBase"]
[SourceDate "2010.11.25"]
[SourceVersion "1"]
[SourceVersionDate "2010.11.25"]
[SourceQuality "1"]

1. f4 Nf6 2. Nf3 g6 3. e3 Bg7 4. d4 0-0 5. Bd3 d6 6. e4 Nc6 7. c3 e5 8. d5 Ne7 9. fxe5 dxe5 10. c4 c6 11. Nc3 cxd5 12. cxd5 Nexd5 13. exd5 e4 14. Bxe4 Nxe4 15. Nxe4 Re8 16. Nfg5 Bf5 17. 0-0 Bxe4 18. Nxf7 Qxd5 19. Nh6+ Bxh6 20. Qxd5+ Bxd5 21. Bxh6 Re2 22. Rf2 Rxf2 23. Kxf2 Rc8 24. Rc1 Rxc1 25. Bxc1 Bxa2 26. h4 Kf7 27. Ke3 Ke6 28. Kd4 Kd6 29. b4 Kc6 30. Kc3 Kb5 31. g3 a5 32. bxa5 Kxa5 33. Ba3 1/2-1/2

[Event "Nova Gorica op-B 13th"]
[Site "Nova Gorica"]
[Date "2008.01.30"]
[Round "7"]
[White "Fantini, Marco"]
[Black "Skoberne, Renato"]
[Result "0-1"]
[WhiteElo "2061"]
[BlackElo "2118"]
[PlyCount "74"]
[EventDate "2008.01.26"]
[EventType "swiss"]
[EventRounds "9"]
[EventCountry "SLO"]
[SourceTitle "EXT 2010"]
[Source "ChessBase"]
[SourceDate "2010.11.25"]
[SourceVersion "1"]
[SourceVersionDate "2010.11.25"]
[SourceQuality "1"]

1. d4 Nf6 2. Nc3 g6 3. Bg5 Bg7 4. Qd2 d6 5. e4 c6 6. f3 h6 7. Be3 Nbd7 8. Nh3 b5 9. Nf2 Nb6 10. a3 a6 11. Rd1 Bb7 12. Be2 Qc7 13. 0-0 Nfd7 14. f4 c5 15. dxc5 Nxc5 16. e5 dxe5 17. fxe5 Bxe5 18. Ng4 Bd6 19. Nf6+ exf6 20. Qxd6 Qxd6 21. Rxd6 Nbd7 22. Rfd1 0-0-0 23. b4 Ne6 24. a4 bxa4 25. Nxa4 Nb8 26. Nb6+ Kc7 27. Nc4 Rxd6 28. Nxd6 Rd8 29. Nxf7 Rxd1+ 30. Bxd1 h5 31. Nh8 Be4 32. c4 Bd3 33. Bb3 Nc6 34. b5 axb5 35. cxb5 Ncd4 36. b6+ Kc6 37. Nf7 Nxb3 0-1

[Event "Nova Gorica op-B 13th"]
[Site "Nova Gorica"]
[Date "2008.01.26"]
[Round "2"]
[White "Skoberne, Renato"]
[Black "Debevec, Blaz"]
[Result "1-0"]
[WhiteElo "2118"]
[BlackElo "1929"]
[PlyCount "69"]
[EventDate "2008.01.26"]
[EventType "swiss"]
[EventRounds "9"]
[EventCountry "SLO"]
[SourceTitle "EXT 2010"]
[Source "ChessBase"]
[SourceDate "2010.11.25"]
[SourceVersion "1"]
[SourceVersionDate "2010.11.25"]
[SourceQuality "1"]

1. Nf3 d5 2. d4 c6 3. e3 Bg4 4. Be2 Nf6 5. 0-0 e6 6. b3 Bd6 7. Bb2 0-0 8. Nbd2 Nbd7 9. h3 Bh5 10. Ne5 Bxe2 11. Qxe2 Rc8 12. c4 Bb8 13. f4 Qe7 14. c5 Nxe5 15. fxe5 Nd7 16. Qg4 f5 17. Qh5 Qd8 18. b4 Qe8 19. Qe2 b5 20. a4 a6 21. axb5 axb5 22. Ra6 Rf7 23. Nb3 Nf8 24. Rfa1 f4 25. exf4 Rxf4 26. Bc1 Re4 27. Qf2 Rc7 28. Be3 Rf7 29. Qg3 Ng6 30. Nd2 Nf4 31. Bxf4 Rexf4 32. Nf3 Qf8 33. Rxc6 Rxf3 34. gxf3 Rxf3 35. Qxf3 1-0

[Event "Nova Gorica op-B 11th"]
[Site "Nova Gorica"]
[Date "2006.01.30"]
[Round "7"]
[White "Skoberne, Renato"]
[Black "Ursic, Jakob"]
[Result "1-0"]
[WhiteElo "2122"]
[BlackElo "1891"]
[PlyCount "151"]
[EventDate "2006.01.27"]
[EventType "swiss"]
[EventRounds "9"]
[EventCountry "SLO"]
[SourceTitle "CBM 110 Extra"]
[Source "ChessBase"]
[SourceDate "2006.03.10"]
[SourceVersion "2"]
[SourceVersionDate "2006.03.10"]
[SourceQuality "1"]

1. d4 f5 2. Nf3 Nf6 3. g3 g6 4. Bg2 Bg7 5. 0-0 0-0 6. b3 d6 7. Bb2 c6 8. c4 Nbd7 9. Nbd2 Qe8 10. e4 Nxe4 11. Nxe4 fxe4 12. Ng5 Nf6 13. Nxe4 Nxe4 14. Bxe4 Bh3 15. Bg2 Bxg2 16. Kxg2 Qd7 17. Qe2 c5 18. dxc5 Qc6+ 19. Kg1 Bxb2 20. Qxb2 Qxc5 21. Qe2 e5 22. Rad1 Rf6 23. Qe4 Raf8 24. Qd5+ Qxd5 25. Rxd5 a6 26. c5 dxc5 27. Rxc5 Re8 28. Rd1 Rf7 29. Re1 Rfe7 30. Kf1 Kf7 31. Ke2 Rd8 32. Rec1 Kf6 33. Rc7 Red7 34. Rxd7 Rxd7 35. Ke3 g5 36. h3 h5 37. g4 h4 38. Rc8 Ke6 39. Rf8 Rc7 40. Rf5 Rc3+ 41. Ke4 Rxh3 42. Rxg5 Rh1 43. Rg6+ Kf7 44. Rb6 h3 45. Kf3 Ra1 46. Kg3 Rxa2 47. Rxb7+ Kg6 48. Rb6+ Kg5 49. Re6 Ra3 50. Rxe5+ Kg6 51. Re6+ Kf7 52. Rxa6 Rxb3+ 53. f3 Kg7 54. Ra2 Kg6 55. Rh2 Rb1 56. Rxh3 Rg1+ 57. Kf4 Rf1 58. Rh5 Rf2 59. Rb5 Rf1 60. Ra5 Rf2 61. Ra6+ Kg7 62. Kg3 Rf1 63. f4 Kf7 64. f5 Kg7 65. Kh4 Kf7 66. Kg5 Rg1 67. Ra7+ Kg8 68. Kh5 Rf1 69. Kg6 Kf8 70. g5 Rf2 71. Ra8+ Ke7 72. f6+ Ke6 73. Re8+ Kd7 74. Re3 Rf4 75. f7 Rf2 76. Kg7 1-0

[Event "Nova Gorica op-B 11th"]
[Site "Nova Gorica"]
[Date "2006.01.29"]
[Round "4"]
[White "Skoberne, Renato"]
[Black "Zupancic, Jernej"]
[Result "1-0"]
[WhiteElo "2122"]
[BlackElo "1543"]
[PlyCount "47"]
[EventDate "2006.01.27"]
[EventType "swiss"]
[EventRounds "9"]
[EventCountry "SLO"]
[SourceTitle "CBM 110 Extra"]
[Source "ChessBase"]
[SourceDate "2006.03.10"]
[SourceVersion "2"]
[SourceVersionDate "2006.03.10"]
[SourceQuality "1"]

1. d4 Nf6 2. Nf3 g6 3. g3 Bg7 4. Bg2 0-0 5. 0-0 d6 6. c4 c6 7. Nc3 Nbd7 8. e4 Qc7 9. h3 e5 10. Be3 Nh5 11. Rc1 h6 12. d5 f5 13. Nh4 f4 14. Nxg6 Rf6 15. Qxh5 fxe3 16. fxe3 Qb6 17. Ne7+ Kh7 18. Qe2 Nc5 19. Rxf6 Bxf6 20. Qh5 Bxe7 21. Qf7+ Kh8 22. Qe8+ Kg7 23. Qxe7+ Kg6 24. Rf1 1-0

[Event "Nova Gorica op-B 11th"]
[Site "Nova Gorica"]
[Date "2006.01.28"]
[Round "3"]
[White "Plani, Andrea"]
[Black "Skoberne, Renato"]
[Result "1-0"]
[WhiteElo "1952"]
[BlackElo "2122"]
[PlyCount "63"]
[EventDate "2006.01.27"]
[EventType "swiss"]
[EventRounds "9"]
[EventCountry "SLO"]
[SourceTitle "CBM 110 Extra"]
[Source "ChessBase"]
[SourceDate "2006.03.10"]
[SourceVersion "2"]
[SourceVersionDate "2006.03.10"]
[SourceQuality "1"]

1. e4 d6 2. d4 Nf6 3. Nc3 g6 4. Bg5 c6 5. f3 Nbd7 6. Bd3 b5 7. a3 Bg7 8. Qd2 h6 9. Be3 a6 10. Nh3 Qc7 11. Nf2 c5 12. d5 Ne5 13. 0-0 e6 14. dxe6 Bxe6 15. Rad1 Rd8 16. Be2 g5 17. Rfe1 Ng6 18. Nd3 Nh5 19. g3 0-0 20. f4 gxf4 21. gxf4 c4 22. Nb4 Bxc3 23. bxc3 a5 24. Bxh5 axb4 25. f5 bxa3 26. fxe6 Ne5 27. Bxh6 fxe6 28. Qg5+ Kh7 29. Bxf8 Rxf8 30. Kh1 Rg8 31. Qh4 Rg7 32. Bf7# 1-0

[Event "Nova Gorica op-B 11th"]
[Site "Nova Gorica"]
[Date "2006.01.28"]
[Round "2"]
[White "Skoberne, Renato"]
[Black "Visintin, Roberto"]
[Result "0-1"]
[WhiteElo "2122"]
[BlackElo "1985"]
[PlyCount "80"]
[EventDate "2006.01.27"]
[EventType "swiss"]
[EventRounds "9"]
[EventCountry "SLO"]
[SourceTitle "CBM 110 Extra"]
[Source "ChessBase"]
[SourceDate "2006.03.10"]
[SourceVersion "2"]
[SourceVersionDate "2006.03.10"]
[SourceQuality "1"]

1. d4 d5 2. Nf3 Nf6 3. e3 e6 4. Bd3 Nbd7 5. 0-0 Be7 6. b3 0-0 7. Bb2 b6 8. Nbd2 Bb7 9. Qe2 Ne4 10. Rac1 f5 11. Rfd1 Bf6 12. Nf1 Qe7 13. c4 Rfb8 14. Ne1 a5 15. f3 Ng5 16. cxd5 exd5 17. Bxf5 Nf7 18. e4 Bg5 19. Rc2 Nd6 20. Bxd7 Qxd7 21. e5 Nf5 22. Qf2 a4 23. f4 axb3 24. axb3 Be7 25. g4 Nh6 26. e6 Qxe6 27. f5 Qe4 28. Re2 Qxg4+ 29. Ng2 Nxf5 30. h3 Qxh3 31. Re5 Rf8 32. Nh2 Bd6 33. Nf4 Qxb3 34. Re3 Qb5 35. Rd2 Be5 36. dxe5 d4 37. Ng4 Rae8 38. Nh5 Rxe5 39. Nxe5 Qxe5 40. Qe2 Nxe3 0-1

[Event "Nova Gorica op-B 11th"]
[Site "Nova Gorica"]
[Date "2006.01.27"]
[Round "1"]
[White "Portelli, Severino"]
[Black "Skoberne, Renato"]
[Result "0-1"]
[WhiteElo "1903"]
[BlackElo "2122"]
[PlyCount "50"]
[EventDate "2006.01.27"]
[EventType "swiss"]
[EventRounds "9"]
[EventCountry "SLO"]
[SourceTitle "CBM 110 Extra"]
[Source "ChessBase"]
[SourceDate "2006.03.10"]
[SourceVersion "2"]
[SourceVersionDate "2006.03.10"]
[SourceQuality "1"]

1. d4 c5 2. d5 e5 3. e4 d6 4. Be2 Nf6 5. Nc3 a6 6. a4 b6 7. Nf3 Be7 8. 0-0 Nbd7 9. Ne1 Nf8 10. f4 exf4 11. Bxf4 Ng6 12. Bg3 Nd7 13. Nf3 Qc7 14. Kh1 Bf6 15. Qd2 0-0 16. h4 Nge5 17. Nxe5 Bxe5 18. Bxe5 Nxe5 19. Qg5 h6 20. Qg3 Qe7 21. Rf4 Ng6 22. Raf1 Nxf4 23. Rxf4 Qe5 24. Qf2 Bd7 25. Nd1 f5 0-1

[Event "SLO-chT"]
[Site "Bled"]
[Date "2005.11.03"]
[Round "1"]
[White "Kastelec, Stefan"]
[Black "Skoberne, Renato"]
[Result "0-1"]
[WhiteElo "1981"]
[BlackElo "2102"]
[PlyCount "86"]
[EventDate "2005.11.03"]
[EventType "team"]
[EventRounds "9"]
[EventCountry "SLO"]
[SourceTitle "CBM 109 Extra"]
[Source "ChessBase"]
[SourceDate "2006.01.03"]
[SourceVersion "2"]
[SourceVersionDate "2006.01.03"]
[SourceQuality "1"]

1. d4 c5 2. e3 Nf6 3. Nf3 e6 4. c4 b6 5. Nc3 Bb7 6. Be2 Be7 7. 0-0 0-0 8. dxc5 bxc5 9. Qc2 Nc6 10. Rd1 a6 11. e4 e5 12. Bg5 Ne8 13. Bxe7 Qxe7 14. Nd5 Qd8 15. Qd2 d6 16. a3 Nd4 17. Nxd4 cxd4 18. b4 Bxd5 19. cxd5 Nf6 20. Bd3 a5 21. Rdc1 axb4 22. axb4 Rxa1 23. Rxa1 Qb8 24. g3 Rc8 25. f4 Nd7 26. Kg2 h6 27. Rb1 Rc3 28. Rb2 Qa8 29. Ra2 Qb7 30. Ra4 Nb6 31. Ba6 Qc7 32. Ra2 f5 33. fxe5 dxe5 34. Bd3 Nc4 35. Bxc4 Qxc4 36. d6 Qc6 37. d7 Qxd7 38. Ra8+ Rc8 39. Qa2+ Kh7 40. Rxc8 Qxc8 41. b5 d3 42. Qd5 Qc2+ 43. Kh3 d2 0-1

[Event "Portoroz op"]
[Site "Portoroz"]
[Date "2005.04.29"]
[Round "4"]
[White "Skoberne, Renato"]
[Black "Srebrnic, Marko"]
[Result "0-1"]
[WhiteElo "2098"]
[BlackElo "2252"]
[PlyCount "80"]
[EventDate "2005.04.26"]
[EventType "swiss"]
[EventRounds "7"]
[EventCountry "SLO"]
[SourceTitle "EXT 2006"]
[Source "ChessBase"]
[SourceDate "2005.11.24"]
[SourceVersion "1"]
[SourceVersionDate "2005.11.24"]
[SourceQuality "1"]

1. d4 Nf6 2. Nf3 g6 3. c4 Bg7 4. Nc3 d6 5. g3 0-0 6. Bg2 Nbd7 7. e4 e5 8. 0-0 a6 9. h3 b5 10. dxe5 dxe5 11. cxb5 axb5 12. Bg5 h6 13. Bxf6 Bxf6 14. Qd5 Rb8 15. Rfd1 b4 16. Na4 Qe7 17. Qc6 Nb6 18. Nc5 Rd8 19. Rxd8+ Qxd8 20. Bf1 Kg7 21. Na6 Bxa6 22. Bxa6 Nc8 23. Bxc8 Qxc8 24. Kg2 Rb6 25. Qc4 Qb7 26. Rd1 Qc6 27. Rc1 Qxc4 28. Rxc4 Ra6 29. Rxb4 Rxa2 30. Rb7 c6 31. Kf1 Ra4 32. Nd2 Bg5 33. b3 Ra1+ 34. Ke2 Ra2 35. Rd7 Rb2 36. f4 exf4 37. Kf3 fxg3 38. Nc4 Rxb3+ 39. Kg2 Bf4 40. e5 Rc3 0-1

[Event "Portoroz op"]
[Site "Portoroz"]
[Date "2005.04.29"]
[Round "6"]
[White "Skoberne, Renato"]
[Black "Srebrnic, Vojko"]
[Result "1-0"]
[WhiteElo "2098"]
[BlackElo "2260"]
[PlyCount "75"]
[EventDate "2005.04.26"]
[EventType "swiss"]
[EventRounds "7"]
[EventCountry "SLO"]
[SourceTitle "EXT 2006"]
[Source "ChessBase"]
[SourceDate "2005.11.24"]
[SourceVersion "1"]
[SourceVersionDate "2005.11.24"]
[SourceQuality "1"]

1. d4 d6 2. Nf3 Bg4 3. c4 Nd7 4. e4 e5 5. Be2 Be7 6. 0-0 Bxf3 7. Bxf3 Bg5 8. Nc3 Bxc1 9. Rxc1 Ngf6 10. d5 a5 11. b3 0-0 12. Qd2 Nc5 13. Qe3 Qe7 14. Rb1 Nfd7 15. Be2 f5 16. exf5 Rxf5 17. a3 Rff8 18. b4 axb4 19. axb4 Na6 20. Ne4 Rfd8 21. Ng5 Nf8 22. Bd3 h6 23. Ne4 c6 24. f4 Nc7 25. f5 Ne8 26. f6 Nxf6 27. Nxf6+ gxf6 28. Qxh6 Qg7 29. Qxf6 Rd7 30. Qxg7+ Kxg7 31. Bf5 Rf7 32. dxc6 bxc6 33. Be4 Rxf1+ 34. Kxf1 Rc8 35. Rd1 c5 36. b5 Rd8 37. Rb1 Ne6 38. Bc6 1-0

[Event "Portoroz op"]
[Site "Portoroz"]
[Date "2005.04.26"]
[Round "2"]
[White "Skoberne, Renato"]
[Black "Zorko, Jure"]
[Result "0-1"]
[WhiteElo "2098"]
[BlackElo "2329"]
[PlyCount "93"]
[EventDate "2005.04.26"]
[EventType "swiss"]
[EventRounds "7"]
[EventCountry "SLO"]
[SourceTitle "EXT 2006"]
[Source "ChessBase"]
[SourceDate "2005.11.24"]
[SourceVersion "1"]
[SourceVersionDate "2005.11.24"]
[SourceQuality "1"]

1. d4 Nf6 2. Nf3 e6 3. g3 b5 4. Bg2 Bb7 5. 0-0 Be7 6. b3 0-0 7. Bb2 d6 8. Nbd2 Nbd7 9. Ne1 Bxg2 10. Kxg2 d5 11. e4 dxe4 12. Qe2 Qb8 13. Nxe4 Qb7 14. f3 Nxe4 15. Qxe4 Qxe4 16. fxe4 c5 17. c3 b4 18. c4 cxd4 19. Bxd4 Bf6 20. Rd1 a5 21. Bxf6 Nxf6 22. Kf3 Rfd8 23. Nc2 Nd7 24. Kf4 Nc5 25. Ke3 f6 26. Rd4 Rxd4 27. Kxd4 Rc8 28. Rc1 Kf7 29. Ke3 Rd8 30. Nd4 e5 31. Nb5 Rd3+ 32. Ke2 Rd7 33. Ke3 h5 34. Rf1 h4 35. gxh4 Rd3+ 36. Ke2 Rh3 37. Rf2 Rxh4 38. Rg2 g5 39. Na7 Rxe4+ 40. Kd2 Rd4+ 41. Kc2 Rd3 42. Nc6 Rc3+ 43. Kd1 a4 44. Nxb4 axb3 45. axb3 Nxb3 46. Nd5 Rxc4 47. Rf2 0-1

[Event "Nova Gorica op-B 10th"]
[Site "Nova Gorica"]
[Date "2005.01.30"]
[Round "4"]
[White "Di Lazzaro, Gabriele"]
[Black "Skoberne, Renato"]
[Result "0-1"]
[WhiteElo "2012"]
[BlackElo "2083"]
[PlyCount "140"]
[EventDate "2005.01.28"]
[EventType "swiss"]
[EventRounds "9"]
[EventCountry "SLO"]
[SourceTitle "CBM 104 Extra"]
[Source "ChessBase"]
[SourceDate "2005.03.01"]
[SourceVersion "1"]
[SourceVersionDate "2005.03.01"]
[SourceQuality "1"]

1. e4 d6 2. d4 Nf6 3. Nc3 g6 4. Bg5 Bg7 5. e5 Nfd7 6. e6 fxe6 7. Nf3 c6 8. Qd2 Nf6 9. Bd3 Qa5 10. 0-0 Nbd7 11. Rfe1 Nf8 12. a3 h6 13. b4 Qd8 14. Be3 g5 15. h3 Bd7 16. Ne2 Kf7 17. c4 N8h7 18. Rad1 Rf8 19. Ne5+ Kg8 20. f4 Be8 21. Ng6 Bxg6 22. Bxg6 g4 23. h4 b5 24. cxb5 cxb5 25. Nc3 Qd7 26. Qd3 a6 27. Bf2 d5 28. Qe3 Rac8 29. Na2 Rc6 30. Nc1 Rfc8 31. Nb3 Nf8 32. Bb1 Rc3 33. Rd3 Rxd3 34. Qxd3 Qd6 35. Qe3 Rc4 36. Nc5 Kf7 37. Bd3 Ne8 38. Bxc4 dxc4 39. g3 Nc7 40. Nb7 Qd7 41. Nc5 Qd6 42. Qe4 Qd5 43. Qe3 Nd7 44. Qe4 Nxc5 45. dxc5 Qxe4 46. Rxe4 Bb2 47. Re3 Nd5 48. c6 c3 49. Re2 Bxa3 50. Be1 Bxb4 51. Rc2 Bc5+ 52. Kf1 b4 53. c7 Nxc7 54. Bxc3 bxc3 55. Rxc3 Bd6 56. Rc6 a5 57. Rc4 Nd5 58. Ke2 Kf6 59. Kd3 Kf5 60. Rc8 Nxf4+ 61. gxf4 Kxf4 62. Ke2 Kg3 63. Kf1 Kxh4 64. Kg2 Kg5 65. Rg8+ Kf4 66. Rh8 a4 67. Rxh6 a3 68. Rxe6 a2 69. Re1 Be5 70. Rf1+ Kg5 0-1

[Event "Nova Gorica op-B 10th"]
[Site "Nova Gorica"]
[Date "2005.01.28"]
[Round "2"]
[White "Punteri, Marco"]
[Black "Skoberne, Renato"]
[Result "0-1"]
[WhiteElo "2051"]
[BlackElo "2083"]
[PlyCount "40"]
[EventDate "2005.01.28"]
[EventType "swiss"]
[EventRounds "9"]
[EventCountry "SLO"]
[SourceTitle "CBM 104 Extra"]
[Source "ChessBase"]
[SourceDate "2005.03.01"]
[SourceVersion "1"]
[SourceVersionDate "2005.03.01"]
[SourceQuality "1"]

1. d4 Nf6 2. c4 g6 3. Nc3 Bg7 4. e4 d6 5. f4 0-0 6. Nf3 c5 7. d5 a6 8. Bd3 e6 9. a4 exd5 10. cxd5 Bg4 11. 0-0 Nbd7 12. Qe1 Bxf3 13. Rxf3 Qe7 14. Bc2 b5 15. axb5 axb5 16. Rxa8 Rxa8 17. Nxb5 Nxd5 18. Qd2 Nb4 19. Bb3 Nb6 20. Nxd6 Bd4+ 0-1

[Event "Nova Gorica op-B 10th"]
[Site "Nova Gorica"]
[Date "2005.01.28"]
[Round "1"]
[White "Skoberne, Renato"]
[Black "Portelli, Severino"]
[Result "1-0"]
[WhiteElo "2083"]
[BlackElo "1903"]
[PlyCount "57"]
[EventDate "2005.01.28"]
[EventType "swiss"]
[EventRounds "9"]
[EventCountry "SLO"]
[SourceTitle "CBM 104 Extra"]
[Source "ChessBase"]
[SourceDate "2005.03.01"]
[SourceVersion "1"]
[SourceVersionDate "2005.03.01"]
[SourceQuality "1"]

1. Nf3 Nf6 2. g3 g6 3. Bg2 Bg7 4. 0-0 0-0 5. d4 d6 6. c4 c6 7. Nc3 Nbd7 8. e4 Qc7 9. Bg5 h6 10. Be3 Ng4 11. Bc1 e5 12. h3 Ngf6 13. Be3 Kh7 14. Rc1 Re8 15. d5 a6 16. Ne1 c5 17. Nd3 Rb8 18. Ne2 b5 19. b4 bxc4 20. Rxc4 Nb6 21. Rc2 c4 22. Nb2 Bd7 23. a3 Qc8 24. Bxb6 Bxh3 25. Nxc4 Bxg2 26. Kxg2 Rxb6 27. Nxb6 Qg4 28. f3 Qg5 29. Qc1 1-0

[Event "Nova Gorica op 04th"]
[Site "Nova Gorica"]
[Date "1999.02.03"]
[Round "7"]
[White "Sale, Srdjan"]
[Black "Skoberne, Renato"]
[Result "1-0"]
[WhiteElo "2415"]
[BlackElo "2045"]
[PlyCount "52"]
[EventDate "1999.01.28"]
[EventType "swiss"]
[EventRounds "9"]
[EventCountry "SLO"]
[SourceTitle "CBM 068 Extra"]
[Source "ChessBase"]
[SourceDate "1999.03.01"]
[SourceVersion "1"]
[SourceVersionDate "1999.03.01"]
[SourceQuality "1"]

1. Nf3 Nf6 2. g3 g6 3. b3 Bg7 4. Bb2 0-0 5. Bg2 d5 6. c4 c5 7. cxd5 Nxd5 8. Bxg7 Kxg7 9. 0-0 Nc6 10. d4 Qb6 11. e4 Nf6 12. d5 Rd8 13. Nbd2 Na5 14. Qc2 e6 15. Nc4 Nxc4 16. bxc4 exd5 17. cxd5 Qc7 18. d6 Qa5 19. e5 Nd5 20. Rfc1 b6 21. Ng5 Be6 22. Qd1 c4 23. Rxc4 Rac8 24. Ra4 Qc5 25. Rxa7 Kg8 26. Nxe6 Nc3 1-0

[Event "Nova Gorica op 04th"]
[Site "Nova Gorica"]
[Date "1999.01.29"]
[Round "2"]
[White "Skoberne, Renato"]
[Black "Sveshnikov, Evgeny"]
[Result "0-1"]
[WhiteElo "2045"]
[BlackElo "2563"]
[PlyCount "72"]
[EventDate "1999.01.28"]
[EventType "swiss"]
[EventRounds "9"]
[EventCountry "SLO"]
[SourceTitle "CBM 068 Extra"]
[Source "ChessBase"]
[SourceDate "1999.03.01"]
[SourceVersion "1"]
[SourceVersionDate "1999.03.01"]
[SourceQuality "1"]

1. d4 d5 2. Nf3 c6 3. c3 Bg4 4. Bf4 Bxf3 5. gxf3 Nd7 6. Qb3 Qb6 7. Nd2 Ngf6 8. h3 g6 9. e3 Bg7 10. a4 0-0 11. a5 Qxb3 12. Nxb3 Rfe8 13. Kd2 Rad8 14. Ra4 e5 15. dxe5 Nxe5 16. Bxe5 Rxe5 17. Rb4 Re7 18. Nc5 Rb8 19. Bd3 Bf8 20. Rb3 b5 21. axb6 axb6 22. Na6 Rbb7 23. Ra3 Re6 24. Ra2 c5 25. b3 Bd6 26. Rb1 Rd7 27. Kc2 Re5 28. c4 Rg5 29. Bf1 Rg1 30. cxd5 Nxd5 31. Bb5 Rg2 32. Kd3 Rd8 33. Rh1 Bg3 34. Kc4 Bxf2 35. e4 Ne3+ 36. Kc3 Nd1+ 0-1